[Event "Crotone Province-ch 11"]
[Site "Crotone"]
[Date "2010.11.28"]
[Round "6"]
[White "Guzzo, Giovanni"]
[Black "Olivo, Paolo"]
[Result "1-0"]
[WhiteElo "1747"]
[BlackElo "1712"]
[PlyCount "30"]
[EventDate "2010.11.20"]
[EventType "swiss"]
[EventRounds "6"]
[EventCountry "ITA"]
[SourceTitle "EXT 2024"]
[Source "ChessBase"]
[SourceDate "2023.10.10"]
[SourceVersion "1"]
[SourceVersionDate "2023.10.10"]
[SourceQuality "1"]

1. Nf3 Nf6 2. g3 d5 3. Bg2 c5 4. d3 Nc6 5. 0-0 e5 6. c3 Bd6 7. Nbd2 Rb8 8. b3 0-0 9. Bb2 Bd7 10. h3 Qc8 11. Kh2 h6 12. e3 Be6 13. Ng1 Rd8 14. Rb1 e4 15. dxe4 dxe4 1-0

[Event "Crotone Province-ch 11"]
[Site "Crotone"]
[Date "2010.11.21"]
[Round "2"]
[White "Grano, Giuseppe"]
[Black "Guzzo, Giovanni"]
[Result "0-1"]
[WhiteElo "1679"]
[BlackElo "1747"]
[PlyCount "108"]
[EventDate "2010.11.20"]
[EventType "swiss"]
[EventRounds "6"]
[EventCountry "ITA"]
[SourceTitle "EXT 2024"]
[Source "ChessBase"]
[SourceDate "2023.10.10"]
[SourceVersion "1"]
[SourceVersionDate "2023.10.10"]
[SourceQuality "1"]

1. e4 e6 2. d4 d5 3. e5 c5 4. c3 Nc6 5. Nf3 Nge7 6. Bd3 Ng6 7. Bg5 Be7 8. Bxe7 Qxe7 9. Qc2 Nf4 10. 0-0 Nxd3 11. Qxd3 0-0 12. Nbd2 f6 13. Rfe1 fxe5 14. Nxe5 Nxe5 15. Rxe5 b6 16. Rae1 Qf6 17. Nf3 h6 18. Qe3 c4 19. a3 a5 20. Rh5 Bd7 21. Ne5 Ba4 22. Ng4 Qf7 23. Rxh6 Rae8 24. Qh3 Qf5 25. Rh5 Qf4 26. Rh8+ Kf7 27. Qh4 Rxh8 28. Qg3 Qxg3 29. fxg3 Ke7 30. Ne5 Rh6 31. h3 Rf8 32. g4 Be8 33. Nf3 Kd6 34. g5 Rhh8 35. Kh2 Bh5 36. Ne5 Rf2 37. g6 Rhf8 38. Kg1 Be2 39. Nf7+ R2xf7 40. gxf7 Bd3 41. Re3 Rxf7 42. Rf3 Rxf3 43. gxf3 e5 44. Kf2 exd4 45. cxd4 b5 46. Ke3 b4 47. Kd2 Ke6 48. axb4 axb4 49. h4 Kf5 50. Ke3 Bb1 51. Kd2 Kf4 52. Kc1 Bd3 53. Kd2 Kxf3 54. b3 Ke4 0-1

[Event "Crotone Province-ch"]
[Site "Crotone"]
[Date "2010.02.28"]
[Round "2"]
[White "Guzzo, Giovanni"]
[Black "Olivo, Paolo"]
[Result "0-1"]
[WhiteElo "1741"]
[BlackElo "1676"]
[PlyCount "118"]
[EventDate "2010.02.27"]
[EventType "swiss"]
[EventRounds "6"]
[EventCountry "ITA"]
[SourceTitle "EXT 2024"]
[Source "ChessBase"]
[SourceDate "2023.10.10"]
[SourceVersion "1"]
[SourceVersionDate "2023.10.10"]
[SourceQuality "1"]

1. e4 c5 2. Nf3 d6 3. g3 Nc6 4. Bg2 Bg4 5. d3 Nf6 6. 0-0 Nd4 7. Nbd2 e5 8. c3 Nc6 9. Qc2 Be7 10. b3 Qd7 11. Re1 0-0 12. Bb2 b5 13. d4 cxd4 14. cxd4 Rac8 15. Qb1 Qc7 16. Rc1 Qb8 17. a3 Bd8 18. Qd3 a6 19. Nf1 Bxf3 20. Bxf3 Bb6 21. d5 Nd4 22. Bg2 Qa7 23. Ne3 Nd7 24. b4 g6 25. Bxd4 Bxd4 26. Rab1 Nb6 27. Kh1 Rc7 28. Nd1 Rfc8 29. Rxc7 Rxc7 30. Bf1 Nc4 31. Kg2 Kg7 32. Be2 h5 33. h3 f6 34. h4 Qb8 35. f4 Qa7 36. f5 Rc8 37. fxg6 Kxg6 38. Qf3 Qh7 39. Qf5+ Kg7 40. Bxh5 Qxf5 41. exf5 Nd2 42. Nf2 Nxb1 43. Ne4 Rd8 44. g4 Nxa3 45. g5 fxg5 46. Nxg5 Kf6 47. Bg4 Nc2 48. Nh7+ Kg7 49. Ng5 Rc8 50. Ne6+ Kh6 51. Ng5 Ne3+ 52. Kf3 Nxg4 53. Kxg4 Bc3 54. Ne6 Bxb4 55. Ng5 a5 56. Nf7+ Kg7 57. Ng5 a4 58. h5 a3 59. Ne6+ Kh6 0-1

[Event "KR Province-ch"]
[Site "Cutro"]
[Date "2008.12.07"]
[Round "4"]
[White "Guzzo, Giovanni"]
[Black "Olivo, Paolo"]
[Result "0-1"]
[WhiteElo "1768"]
[BlackElo "1571"]
[PlyCount "102"]
[EventDate "2008.12.05"]
[EventType "swiss"]
[EventRounds "5"]
[EventCountry "ITA"]
[SourceTitle "EXT 2011"]
[Source "ChessBase"]
[SourceDate "2010.11.26"]
[SourceVersion "1"]
[SourceVersionDate "2010.11.26"]
[SourceQuality "1"]

1. f4 d5 2. Nf3 Bf5 3. e3 e6 4. Be2 Nc6 5. 0-0 Nf6 6. d4 Nb4 7. Na3 c5 8. Bb5+ Nc6 9. Ne5 Qc7 10. c3 a6 11. Qa4 Rc8 12. Bxc6+ bxc6 13. Qxa6 Bd6 14. Qe2 c4 15. Qe1 Ne4 16. Nc2 c5 17. Na3 Rb8 18. Qh4 cxd4 19. exd4 f6 20. g4 fxe5 21. gxf5 exf5 22. fxe5 Be7 23. Qh5+ g6 24. Qh6 Bf8 25. Qh3 h5 26. Nc2 Kf7 27. a3 Ke6 28. Nb4 Qb6 29. Qf3 Bg7 30. Qg2 g5 31. Bxg5 Bxe5 32. Kh1 Bd6 33. Rae1 Rbf8 34. h4 Rhg8 35. Rf3 Qb7 36. Qh3 Qh7 37. Bf4 Rg4 38. Bxd6 Kxd6 39. Re2 Qe7 40. Qh2+ f4 41. Rh3 Ng3+ 42. Rxg3 fxg3 43. Rxe7 gxh2 44. Re5 Rf2 45. Rxd5+ Ke6 46. Re5+ Kf7 47. Re1 Rxb2 48. Rf1+ Kg6 49. Rf8 Kg7 50. Rf5 Rxh4 51. Rf1 Rg4 0-1

[Event "Crotone Province-ch 07"]
[Site "Cutro"]
[Date "2006.12.09"]
[Round "5"]
[White "Guzzo, Giovanni"]
[Black "Mano, Dionigi"]
[Result "1-0"]
[WhiteElo "1798"]
[BlackElo "1667"]
[PlyCount "71"]
[EventDate "2006.12.07"]
[EventType "swiss"]
[EventRounds "7"]
[EventCountry "ITA"]
[SourceTitle "EXT 2024"]
[Source "ChessBase"]
[SourceDate "2023.10.10"]
[SourceVersion "1"]
[SourceVersionDate "2023.10.10"]
[SourceQuality "1"]

1. e4 e6 2. Nf3 d5 3. e5 c5 4. g3 Nc6 5. c3 Bd7 6. Bg2 Be7 7. 0-0 Qc7 8. d4 f6 9. Nh4 g6 10. exf6 Nxf6 11. dxc5 Bxc5 12. b4 Bd6 13. Bh6 Ne5 14. Bg7 0-0-0 15. Bxf6 Rhf8 16. Bxd8 Kxd8 17. Nf3 Ng4 18. a4 h5 19. Qd4 b6 20. Nbd2 Bc6 21. Qd3 Rf6 22. h3 Ne5 23. Nxe5 Bxe5 24. Nf3 Bd6 25. Nd4 Bd7 26. Nb5 Bxb5 27. axb5 h4 28. Ra3 Qf7 29. Ra2 g5 30. Rfa1 Bb8 31. c4 hxg3 32. fxg3 g4 33. cxd5 e5 34. h4 Qe7 35. Qc4 Rf7 36. Rc1 1-0

[Event "Croce di Magara op"]
[Site "Camigliatello"]
[Date "2005.09.11"]
[Round "3"]
[White "Guzzo, Giovanni"]
[Black "Scalise, Sandro"]
[Result "1-0"]
[WhiteElo "1801"]
[BlackElo "1595"]
[PlyCount "65"]
[EventDate "2005.09.10"]
[EventType "swiss"]
[EventRounds "9"]
[EventCountry "ITA"]
[SourceTitle "EXT 2007"]
[Source "ChessBase"]
[SourceDate "2006.11.23"]
[SourceVersion "1"]
[SourceVersionDate "2006.11.23"]
[SourceQuality "1"]

1. Nf3 Nf6 2. g3 b6 3. Bg2 Bb7 4. d3 d5 5. 0-0 c5 6. Nbd2 Nc6 7. b3 e6 8. Bb2 Be7 9. c3 Qc7 10. e4 0-0-0 11. exd5 Rxd5 12. Qe2 Rhd8 13. d4 cxd4 14. cxd4 Kb8 15. Rfc1 Qd6 16. Nc4 Qb4 17. Qe3 R5d7 18. Nfe5 Nxe5 19. Nxe5 Rc7 20. Bxb7 Kxb7 21. Nxf7 Rdd7 22. Qxe6 Qd2 23. Rab1 Bb4 24. Rxc7+ Rxc7 25. Nd8+ Ka8 26. Qf5 Qe2 27. a3 Be7 28. Ne6 Rc2 29. Nxg7 a5 30. Ba1 Ng4 31. Rf1 Ne3 32. Qe4+ Ka7 33. Qxe3 1-0

[Event "Croce di Magara op"]
[Site "Camigliatello"]
[Date "2005.09.10"]
[Round "2"]
[White "Armentano, Alessio"]
[Black "Guzzo, Giovanni"]
[Result "1-0"]
[WhiteElo "2092"]
[BlackElo "1801"]
[PlyCount "43"]
[EventDate "2005.09.10"]
[EventType "swiss"]
[EventRounds "9"]
[EventCountry "ITA"]
[SourceTitle "EXT 2007"]
[Source "ChessBase"]
[SourceDate "2006.11.23"]
[SourceVersion "1"]
[SourceVersionDate "2006.11.23"]
[SourceQuality "1"]

1. e4 g6 2. d4 Bg7 3. f4 d6 4. Nf3 Nd7 5. Bd3 e5 6. fxe5 dxe5 7. d5 Nc5 8. Be3 Nxd3+ 9. Qxd3 Ne7 10. 0-0 0-0 11. c4 f5 12. Nc3 fxe4 13. Nxe4 Nf5 14. Bg5 Qd7 15. h3 b6 16. g4 Nd6 17. Bd2 a5 18. Nfg5 Ba6 19. b3 Rxf1+ 20. Rxf1 Rf8 21. Rxf8+ Kxf8 22. Nxh7+ 1-0

[Event "Cutro op-B 11th"]
[Site "Cutro"]
[Date "2005.04.25"]
[Round "2"]
[White "Rotunno, Giuseppe"]
[Black "Guzzo, Giovanni"]
[Result "1-0"]
[WhiteElo "1961"]
[BlackElo "1777"]
[PlyCount "79"]
[EventDate "2005.04.23"]
[EventType "swiss"]
[EventRounds "5"]
[EventCountry "ITA"]
[SourceTitle "CBM 106 Extra"]
[Source "ChessBase"]
[SourceDate "2005.07.01"]
[SourceVersion "1"]
[SourceVersionDate "2005.07.01"]
[SourceQuality "1"]

1. e4 e6 2. c4 d5 3. exd5 exd5 4. d4 Nf6 5. Bg5 Bb4+ 6. Nc3 Be6 7. Qb3 Nc6 8. Nf3 b6 9. Bxf6 gxf6 10. Qa4 Qd7 11. cxd5 Qxd5 12. Bb5 Bd7 13. 0-0-0 Bxc3 14. bxc3 Ne7 15. Bxd7+ Qxd7 16. Qa3 0-0 17. Rhe1 Ng6 18. h4 Qg4 19. h5 Qxh5 20. Rh1 Qg4 21. Rh2 Kg7 22. Rdh1 Rh8 23. Nh4 Qf4+ 24. Kb1 Qxf2 25. g4 Qf4 26. Nf5+ Kg8 27. Qb3 Rf8 28. Qd5 a5 29. Qc6 Qg5 30. a4 Nf4 31. Nh6+ Kg7 32. Nf5+ Kg8 33. Ne7+ Kg7 34. Nf5+ Kg8 35. Qe4 h5 36. gxh5 Rxh5 37. Rxh5 Nxh5 38. Rh4 Qg1+ 39. Kb2 Qf2+ 40. Kb3 1-0